| 000 | 01004nam a22002775i 4500 | ||
|---|---|---|---|
| 001 | 12971 | ||
| 003 | ES-MaACL | ||
| 005 | 20250630001355.0 | ||
| 007 | t| | ||
| 008 | 921229s1992 sp ||||0| spa | ||
| 020 | _a84-7796-915-9 | ||
| 080 | _a323.26(460.25)"1868/74" | ||
| 080 | _a332.021.8(460.25)"1868/74" | ||
| 100 | 1 |
_aSánchez Marroyo, Fernando. _9102758 |
|
| 245 | 1 | 0 |
_aMovimientos populares y reforma agraria _b: tensiones sociales en el campo extremeño durante el sexenio democrático (1868-1873) / _cFernando Sánchez Marroyo. |
| 260 |
_aBadajoz : _bDiputación Provincial, _c1992. |
||
| 300 |
_a351 p ; _c24 cm. |
||
| 490 | 1 |
_aHistoria ; _v14 |
|
| 504 | _aBibliografía: p. 349-351. | ||
| 650 | 1 | 4 |
_aMovimientos sociales- _zExtremadura- _yS.XIX. _915228 |
| 650 | 1 | 4 |
_aReforma agraria- _zExtremadura. _9171698 |
| 710 | 1 |
_aBadajoz (Provincia). _bDiputación Provincial _92081 |
|
| 830 | 1 |
_aHistoria ; _v14 _9177536 |
|
| 852 |
_aES-MaACL _jL-20268 |
||
| 999 |
_c12971 _d12971 |
||